000 00955nam a22002297a 4500
003 MX-MxUPN
005 20250305153324.0
008 240212s1995 mx ||||gr|||| 00| 0 spa d
020 _a9683642357
040 _aMX-MxUPN
_bspa
_dMX-MxUPN
041 _aspa
050 0 4 _aLE7 M59
_bG85 1995
245 0 0 _aGuía para preparar el examen de selección para ingresar a licenciatura :
_bárea de las ciencias biológicas y de la salud
250 _aPrimera edición
260 _aMéxico, D.F. :
_bUniversidad Nacional Autónoma de México, Direccion General de Administración Escolar,
_c1995.
300 _a269 páginas
610 2 7 _aUniversidad Nacional Autónoma de México
_xRequisitos de admisión
_2
_95385
650 0 _947265
_aExámenes
_vGuías de estudio
710 2 _953742
_aUniversidad Nacional Autónoma de México.
_bDirección General de Administración Escolar
902 _aMarielOrtiz/120224
_bMaríaRobles/250924
942 _2lcc
_cLIBRO
_n0
999 _c210978
_d210978